Advanced engineering electromagnetics / (Record no. 190809)
[ view plain ]
| 000 -LEADER | |
|---|---|
| fixed length control field | 01403 a2200265 4500 |
| 003 - CONTROL NUMBER IDENTIFIER | |
| control field | Nust |
| 005 - DATE AND TIME OF LATEST TRANSACTION | |
| control field | 20170207153953.0 |
| 020 ## - INTERNATIONAL STANDARD BOOK NUMBER | |
| International Standard Book Number | 0-471-50316-9 (international ed.) |
| 020 ## - INTERNATIONAL STANDARD BOOK NUMBER | |
| International Standard Book Number | 0-471-62194-3 |
| 040 ## - CATALOGING SOURCE | |
| Transcribing agency | Nust |
| 082 0# - DEWEY DECIMAL CLASSIFICATION NUMBER | |
| Classification number | 537 |
| 082 0# - DEWEY DECIMAL CLASSIFICATION NUMBER | |
| Classification number | 537 |
| 082 0# - DEWEY DECIMAL CLASSIFICATION NUMBER | |
| Classification number | 537 |
| 100 1# - MAIN ENTRY--PERSONAL NAME | |
| Personal name | Balanis, Constantine A. |
| 245 10 - TITLE STATEMENT | |
| Title | Advanced engineering electromagnetics / |
| Statement of responsibility, etc. | Constantine A. Balanis |
| 260 ## - PUBLICATION, DISTRIBUTION, ETC. | |
| Place of publication, distribution, etc. | New York : |
| Name of publisher, distributor, etc. | Wiley, |
| Date of publication, distribution, etc. | cop. 1989 |
| 300 ## - PHYSICAL DESCRIPTION | |
| Extent | xx, 981 s. : |
| Other physical details | ill., diagr., tab. |
| 505 ## - FORMATTED CONTENTS NOTE | |
| Formatted contents note | Time-Varying and Time-Harmonic Electromagnetic Fields (Page-1) Electrical Properties of Matter (Page-42) Wave Equation and its Solutions (Page-104) Wave Propagation and Polarization (Page-129) Reflection and Transmission (Page-180) Auxiliary Vector Potentials, Construction of Solutions and Radiation and Scattering Equations (Page-254) Electromagnetic Theorems and Principles (Page-310) Rectangular Cross-Section Waveguides and Cavities (Page-352) Circular Cross-Section Waveguides and Cavities (Page-470) Spherical Transmission Lines and Cavities (Page-543) Scattering (Page-570) Integral Equations and the Moment Method (Page-670) Geometrical Theory of Diffraction (Page-743) Greens Functions (Page-851) |
| 538 ## - SYSTEM DETAILS NOTE | |
| System details note | Almirah No.16 Shelf No.6 |
| 650 #0 - SUBJECT ADDED ENTRY--TOPICAL TERM | |
| Topical term or geographic name entry element | Electromagnetism |
| 650 #0 - SUBJECT ADDED ENTRY--TOPICAL TERM | |
| Topical term or geographic name entry element | Electromagnetism |
| 650 #0 - SUBJECT ADDED ENTRY--TOPICAL TERM | |
| Topical term or geographic name entry element | Electromagnetism |
| 650 #0 - SUBJECT ADDED ENTRY--TOPICAL TERM | |
| Topical term or geographic name entry element | Elektromagnetism |
| 650 #0 - SUBJECT ADDED ENTRY--TOPICAL TERM | |
| Topical term or geographic name entry element | Elektromagnetism |
| 942 ## - ADDED ENTRY ELEMENTS (KOHA) | |
| Source of classification or shelving scheme | |
| Koha item type | Book |
| Withdrawn status | Lost status | Source of classification or shelving scheme | Damaged status | Not for loan | Collection code | Permanent Location | Current Location | Date acquired | Total Checkouts | Full call number | Barcode | Date last seen | Date last checked out | Price effective from | Koha item type |
|---|---|---|---|---|---|---|---|---|---|---|---|---|---|---|---|
| Military College of Signals (MCS) | Military College of Signals (MCS) | 12/12/2016 | 1 | 537 BAL | MCS24995 | 01/30/2026 | 02/15/2023 | 12/12/2016 | Book |
